000 00777cam a22002412 4500
001 0000007091
005 20151217152022.0
008 071113s xx 000 0 eng d
020 _a1403949912 :
_cKES 3262.50
040 _aKABU
_cKABU
050 0 _aHF5691
_b.O23 2006
100 1 _aOakshott, Les.
_@0000151645
245 1 0 _aEssential quantitative methods for business management and finance /
_cLes Oakshott.
250 _a3rd ed.
260 _aHoundsmills :
_bPalgrave,
_c2006.
300 _axii, 484 p.
650 0 _aBusiness mathematics.
_@0000148324
650 0 _aFinance
_xMathematical models.
_@0000151646
908 _a071113
950 _@1
999 _c7388
_d7388